000 01887nam0a2200325 4500
001 RU\NLR\BIBL_A\022357393
005 20260408215413.0
010 _a978-5-507-48600-7
_930
035 _a(NLR Aleph) 022357393
090 _a13326697
_c13326697
100 _a20241018d2024 |||y0rusy50 ca
101 0 _arus
102 _aRU
105 _aa j 000yy
181 0 _ai
_baxxe
182 0 _an
200 1 _aТехническое обслуживание и ремонт судового электрического, электронного, специального и бытового оборудования
_eучебное пособие
_eдля курсантов (студентов) высших учебных заведений морского и речного флота, обучающихся по электротехническим специальностям и направлениям подготовки
_fС. В. Матвеев
203 _aТекст
_bвизуальный
_cнепосредственный
210 _aСанкт-Петербург [и др.]
_cЛань
_d2024
215 _a507 с.
_cил., табл.
_d24
225 1 _aВысшее образование
320 _aБиблиогр.: с. 502-507 (135 назв.)
606 _aСуда
_xОборудование
_xТехническая диагностика
_jУчебные издания для высших учебных заведений
_3RU\NLR\AUTH\6601751451
_92663424
606 _aСуда
_xОборудование
_xРемонт
_jУчебные издания для высших учебных заведений
_3RU\NLR\AUTH\6601751452
_92663425
686 1 _aО46-08я73-1
700 1 _aМатвеев
_bС. В.
_gСергей Васильевич
942 _cBOOK
980 _aNB